000 00715nam a2200217 a 4500
001 BRCA_5853
005 20190320205235.0
008 160311t1924----gw-a######---#000-0#ger-#
041 _ager
044 _amx
050 4 _aNA3069
_b.W45
_c1924
100 1 _aWeise, Hans.
_914828
245 1 0 _aFünfundsiebzig Iahre Deutsches Haus in Mexico 1848-1923.
_cHans Weise
260 _aMéxico
_bCompañía Mexicana de Artes Gráficas.
_c1924
300 _a65 p.
_bils., 16 láminas
_c27 cm.
500 _aPasta superior con grabados en relieve; Contiene una carta al Sr. Franz Mayer de parte del Sr. Robert Meyer.
500 _aH108
650 1 4 _aArquitectura Alemana
_zMéxico
_914829
902 _aGFM
942 _2lcc
_cB
999 _c5542
_d5542